Технология машиностроения. Курсовое и дипломное проектирование: учебное пособие для вузов

書誌詳細
その他の著者: Пашкевич М. Ф. Михаил Федорович (редактор)
要約:В учебном пособии изложена общая методика выполнения всех разделов курсовых и дипломных проектов по технологии механической обработки деталей и сборки машин. Изложены также требования к оформлению графической части проекта, пояснительной записки и технологической документации. Приведен максимально сокращенный список литературы, необходимой для выполнения проектов. Настоящая книга является практическим руководством для студентов и руководителей при выполнении курсовых и дипломных проектов, а также проведении практических занятий по технологии машиностроения.
言語:ロシア語
出版事項: Минск, Изд-во Гревцова, 2010
主題:
フォーマット: 図書
KOHA link:https://koha.lib.tpu.ru/cgi-bin/koha/opac-detail.pl?biblionumber=190246

MARC

LEADER 00000nam0a2200000 4500
001 190246
005 20231101224255.0
010 |a 9789856826828 
035 |a (RuTPU)RU\TPU\book\207176 
090 |a 190246 
100 |a 20110119d2010 m y0rusy50 ca 
101 0 |a rus 
102 |a BY 
105 |a a j 001zy 
200 1 |a Технология машиностроения. Курсовое и дипломное проектирование  |e учебное пособие для вузов  |f под ред. М. Ф. Пашкевич 
210 |a Минск  |c Изд-во Гревцова  |d 2010 
215 |a 400 с.  |c ил. 
320 |a Библиогр.: с. 398-399. 
330 |a В учебном пособии изложена общая методика выполнения всех разделов курсовых и дипломных проектов по технологии механической обработки деталей и сборки машин. Изложены также требования к оформлению графической части проекта, пояснительной записки и технологической документации. Приведен максимально сокращенный список литературы, необходимой для выполнения проектов. Настоящая книга является практическим руководством для студентов и руководителей при выполнении курсовых и дипломных проектов, а также проведении практических занятий по технологии машиностроения. 
606 1 |a Технология машиностроения  |x Курсовое проектирование  |2 stltpush  |3 (RuTPU)RU\TPU\subj\68588  |9 83797 
610 1 |a машиностроение 
610 1 |a дипломное проектирование 
610 1 |a разделы 
610 1 |a рекомендации 
610 1 |a экономическое обоснование 
610 1 |a требования 
610 1 |a оформление 
610 1 |a технологические процессы 
610 1 |a детали 
610 1 |a механическая обработка 
610 1 |a механосборочные цеха 
610 1 |a интернет-ресурсы 
610 1 |a использование 
610 1 |a математическое моделирование 
610 1 |a экспериментальные данные 
610 1 |a обработка 
610 1 |a учебные пособия 
610 1 |a технология 
675 |a 621.002.001.63(075.8)  |v 3 
702 1 |a Пашкевич  |b М. Ф.  |g Михаил Федорович  |4 340 
801 1 |a RU  |b 63413507  |c 20110119 
801 2 |a RU  |b 63413507  |c 20150601  |g RCR 
900 |a Математическое моделирование в машиностроении 
900 |a Технология машиностроения 
942 |c BK 
959 |a 5/20110118  |d 5  |e 325,60  |f ЧЗТЛ:1  |f УФ:4